[Event "Petroff Mem Open"]
[Site "St Petersburg RUS"]
[Date "2000.02.15"]
[Round "8"]
[White "Takhirov,V"]
[Black "Nikolaev,N"]
[Result "0-1"]
[WhiteElo "2176"]
[BlackElo "2315"]

1.e4 c5 2.Nf3 Nc6 3.Nc3 Nf6 4.d4 cxd4 5.Nxd4 e6 6.Be3 Bb4 7.Nxc6 bxc6 8.e5 Nd5
9.Bd2 O-O 10.Bd3 Qa5 11.Nxd5 cxd5 12.c3 Be7 13.Qg4 Qc7 14.O-O Qxe5 15.f4 f5
16.fxe5 fxg4 17.Rxf8+ Bxf8 18.Kf2 Rb8 19.b3 Bb7 20.Be3 a6 21.Bd4 Rc8 22.Kg3 Bc5
23.Kxg4 Bxd4 24.cxd4 Rc3 25.Rd1 a5 26.Kf4 Bc6 27.Rd2 h6 28.Ke3 Bb5 29.Ke2 Bxd3+
30.Rxd3 Rc1 31.Rd2 Kf7 32.Kd3 Ke7 33.Rc2 Rd1+ 34.Kc3 d6 35.exd6+ Kxd6 36.Rd2 Re1
37.Kb2 e5 38.dxe5+ Kxe5 39.Ka3 d4 40.Kb2 Ke4 41.Kc2 g5 42.a3 Re3 43.Rf2 d3+
44.Kd2 Kd4 45.b4 a4 46.h4 Re8 47.b5 Rc8 48.b6 Rc2+ 49.Ke1 Kc3 50.Rf8 Rc1+
51.Kf2 Rb1 52.Rc8+ Kd2 53.Rc6 gxh4 54.Rxh6 Kc2 55.Rc6+ Kd1 56.Rc4 Rxb6 57.Rxa4 d2
58.Rxh4 Kc2 59.Rd4 d1=Q 60.Rxd1 Kxd1 61.g4 Rb3 62.a4 Ra3 63.g5 Kd2 64.g6 Rxa4
65.Kf3 Ra6  0-1

[Event "Petroff Mem Open"]
[Site "St Petersburg RUS"]
[Date "2000.02.16"]
[Round "9"]
[White "Kashtanov,R"]
[Black "Yagupov,I"]
[Result "1-0"]
[WhiteElo "2325"]
[BlackElo "2482"]

1.e4 c5 2.Nc3 Nc6 3.Nge2 e6 4.g3 Nge7 5.Bg2 Nd4 6.d3 g6 7.O-O Bg7 8.Rb1 O-O
9.a3 d5 10.exd5 Nxd5 11.Nxd5 Nxe2+ 12.Qxe2 exd5 13.Re1 Be6 14.Bf4 Re8 15.h4 Qd7
16.Qf3 h5 17.Be5 Rac8 18.Bxg7 Kxg7 19.Qf4 d4 20.Re5 f6 21.Re2 Bg4 22.Rxe8 Rxe8
23.b4 c4 24.dxc4 d3 25.cxd3 Qxd3 26.Ra1 Re7 27.c5 Rd7 28.Qe3 Qxe3 29.fxe3 Rc7
30.Kf2 Kf7 31.Bd5+ Ke7 32.e4 b6 33.Rc1 bxc5 34.Rxc5 Rd7 35.Ke3 g5 36.a4 Kd8
37.a5 Rd6 38.Rc6 Kd7 39.Rxd6+ Kxd6 40.Kd4 gxh4 41.gxh4 Be2 42.Bc4 Bg4 43.b5 Bd7
44.Be2 Be8 45.Kc4 Bf7+ 46.Kb4 Bg6 47.Bf3 Be8 48.Bg2 Bd7 49.Bh1 Bc8 50.Kc4 Be6+
51.Kd4 Bf7 52.Bf3 Be8 53.b6 axb6 54.axb6 Kc6 55.e5+ Kxb6 56.exf6 Kc7 57.Ke5 Kd7
58.Bd1 Bf7 59.Ba4+ Kc7 60.Bb5 Bg8 61.Be8 Kd8 62.Bxh5 Kd7 63.Bg6  1-0

[Event "Masters KO"]
[Site "Cannes FRA"]
[Date "2000.02.20"]
[Round "2.2"]
[White "Fressinet,L"]
[Black "David,Alb"]
[Result "1-0"]
[WhiteElo "2501"]
[BlackElo "2520"]

1.e4 c5 2.Nf3 Nc6 3.Nc3 g6 4.Bb5 Bg7 5.O-O d6 6.e5 dxe5 7.Bxc6+ bxc6 8.Re1 f6
9.b3 Nh6 10.Ba3 Nf7 11.Bxc5 f5 12.d4 e4 13.Nd2 O-O 14.Nc4 Ba6 15.Ne3 Ng5
16.Na4 Bb5 17.c3 Ne6 18.Ba3 Re8 19.Nb2 Nf4 20.Nec4 e5 21.dxe5 Qg5 22.g3 Bxc4
23.Nxc4 Nd3 24.f4 Qd8 25.Re2 Qd5 26.Bc1 Bf8 27.Be3 Bc5 28.Qd2 h5 29.Bxc5 Qxc5+
30.Qe3 Red8 31.Rd1 Rd5 32.Qxc5 Rxc5 33.h4 Kf7 34.Red2 Ke7 35.Kf1 Rb8 36.Rc2 a5
37.Ne3 Rb7 38.Ke2 Rb8 39.Rb1 Rcb5 40.Nc4 Rc5 41.Nb2 Nb4 42.Na4 Rbb5 43.Nxc5 Rxc5
44.Rbc1 Nd3 45.Rd1 Nb4 46.Rcd2 Nd5 47.c4 Nc3+ 48.Ke3 Nxd1+ 49.Kd4 Ne3 50.Kxc5 Nf1
51.Rg2 Ne3 52.Rg1 Nc2 53.Rc1 Nb4 54.Kd4 c5+ 55.Ke3 Nxa2 56.Ra1 Nb4 57.Rxa5 Nc2+
58.Kf2 Nd4 59.Rxc5 Nxb3 60.Rc6  1-0

[Event "16th open"]
[Site "Cappelle La Grande FRA"]
[Date "2000.02.20"]
[Round "2"]
[White "Najer,E"]
[Black "Vink,N"]
[Result "1-0"]
[WhiteElo "2572"]
[BlackElo "2302"]

1.e4 c5 2.Nc3 Nc6 3.Bb5 Nd4 4.Bc4 g6 5.Nf3 Bg7 6.Nxd4 cxd4 7.Qf3 e6 8.Nb5 Be5
9.c3 dxc3 10.d4 a6 11.dxe5 axb5 12.Bb3 cxb2 13.Bxb2 b6 14.O-O Bb7 15.Rfd1 Bc6
16.Qf4 h5 17.Bc3 h4 18.Bb4 g5 19.Qe3 Rh5 20.Bxe6 fxe6 21.Qf3 Nf6 22.exf6 Rh7
23.Rac1 Qc7 24.Bd6 Qb7 25.f7+ Rxf7 26.Qh5  1-0

[Event "16th open"]
[Site "Cappelle La Grande FRA"]
[Date "2000.02.20"]
[Round "2"]
[White "Blehm,P"]
[Black "Lomineishvili,M"]
[Result "1-0"]
[WhiteElo "2494"]
[BlackElo "2290"]

1.e4 c5 2.Nf3 Nc6 3.Nc3 e5 4.Bc4 d6 5.d3 Be7 6.Nd2 Nf6 7.Nf1 Bg4 8.f3 Be6
9.Ne3 O-O 10.O-O Ne8 11.f4 exf4 12.Rxf4 Bg5 13.Rf1 Nc7 14.Ned5 Bxc1 15.Rxc1 Ne7
16.Nxc7 Qxc7 17.Qh5 Rad8 18.Rf2 Qd7 19.Rcf1 Bxc4 20.dxc4 Qe6 21.b3 a6 22.Rd1 Nc6
23.Rfd2 Nd4 24.Ne2 Qxe4 25.Nxd4 Qe3+ 26.Kf1 cxd4 27.Rxd4 Rfe8 28.Qf3 Qh6
29.h3 Re3 30.Qf5 Rde8 31.Qf4 Qe6 32.Kg1 Re1+ 33.Rxe1 Qxe1+ 34.Kh2 Qe5 35.Qxe5 dxe5
36.Rd7 Rb8 37.a4 Kf8 38.a5 Rc8 39.Rxb7 Rc5 40.b4 Rxc4 41.b5  1-0

[Event "ch-Serbia"]
[Site "Kragujevac YUG"]
[Date "2000.02.22"]
[Round "4"]
[White "Novoselski,Z"]
[Black "Urosevic,R"]
[Result "1-0"]
[WhiteElo "2392"]
[BlackElo "2291"]

1.e4 c5 2.Nf3 Nc6 3.Nc3 g6 4.d4 cxd4 5.Nxd4 Bg7 6.Be3 Nf6 7.Bc4 O-O 8.O-O d6
9.h3 Bd7 10.Bb3 Na5 11.f4 Nxb3 12.axb3 a6 13.Qf3 Qc7 14.f5 e5 15.Nde2 gxf5
16.exf5 Bc6 17.Qg3 Kh8 18.Qh4 d5 19.Bg5 Qd6 20.Rad1 d4 21.Ng3 Rg8 22.Nce4 Bxe4
23.Nxe4 Nxe4 24.Qxe4 f6 25.Bh4 Qb6 26.Bf2 Qb5 27.Qd3 Qc6 28.c3 Bh6 29.g4 Rae8
30.cxd4 e4 31.d5 Qd7 32.Qe2 e3 33.Bh4 Rgf8 34.d6 Kg7 35.Rd4 Rf7 36.Bg3 Qc6
37.Rfd1 Rd7 38.Rc4 Qb5 39.Rd3 Qa5 40.Rc7 Rd8 41.Rdc3 Rxc7 42.dxc7 Rc8 43.Qd3 Qb5
44.Qxb5 axb5 45.Rd3 e2 46.Rd7+ Kf8 47.Rd8+ Ke7 48.Rxc8 Be3+ 49.Kg2  1-0

[Event "Masters"]
[Site "Monaco MNC"]
[Date "2000.02.22"]
[Round "2"]
[White "Guidarelli,L"]
[Black "Efimov,I"]
[Result "0-1"]
[WhiteElo "2359"]
[BlackElo "2537"]

1.e4 c5 2.Nc3 Nc6 3.Nf3 d6 4.d4 cxd4 5.Nxd4 Nf6 6.f3 e5 7.Nb3 Be6 8.Be3 Be7
9.Qd2 O-O 10.g4 d5 11.exd5 Nxd5 12.Nxd5 Bxd5 13.Bg2 Bh4+ 14.Bf2 Bxb3 15.Qxd8 Bxf2+
16.Kxf2 Raxd8 17.cxb3 Rd2+ 18.Kg3 f5 19.Bf1 f4+ 20.Kh3 Rfd8 21.Bc4+ Kf8 22.a3 b5
23.Bxb5 Nd4 24.Bc4 Nxf3  0-1

[Event "Open"]
[Site "Cannes FRA"]
[Date "2000.02.23"]
[Round "4"]
[White "Milesi,L"]
[Black "Corrigan,F"]
[Result "1-0"]
[WhiteElo "2147"]
[BlackElo "2041"]

1.e4 c5 2.Nf3 Nc6 3.Nc3 g6 4.d4 cxd4 5.Nxd4 Bg7 6.Be3 Nf6 7.Bc4 Qa5 8.O-O O-O
9.Bb3 d6 10.h3 a6 11.Re1 Qh5 12.Qxh5 Nxh5 13.Rad1 Nxd4 14.Bxd4 Be6 15.Nd5 Bxd5
16.exd5 Rfe8 17.Bb6 Bxb2 18.Ba4 Kf8 19.Bxe8 Rxe8 20.Bd4 Bxd4 21.Rxd4 Nf6
22.Rb1 b5 23.a4 Rc8 24.axb5 axb5 25.Rxb5 Rxc2 26.Ra4 Rc1+ 27.Kh2 Rc7 28.g4 e6
29.dxe6 fxe6 30.g5 Nd5 31.Rb8+ Kf7 32.Rd8 Nb6 33.Rh4 Ke7 34.Rb8 Nc8 35.Rxh7+ Kd8
36.Rh6 Rc2 37.Rh8+ Kd7 38.Rb7+  1-0

[Event "16th open"]
[Site "Cappelle La Grande FRA"]
[Date "2000.02.24"]
[Round "7"]
[White "Kovalev,A"]
[Black "Te Llalemand,R"]
[Result "1-0"]
[WhiteElo "2490"]
[BlackElo "2340"]

1.e4 c5 2.Nf3 Nc6 3.Nc3 d6 4.d4 cxd4 5.Nxd4 Nf6 6.Bg5 e6 7.Qd3 a6 8.Rd1 Bd7
9.Be2 Be7 10.O-O Nxd4 11.Qxd4 Bc6 12.Rd3 Qa5 13.Rg3 O-O-O 14.b4 Qe5 15.Qa7 Nxe4
16.Nxe4 Bxg5 17.Nxg5 Qxe2 18.Nxf7 Bb5 19.c4 Qxc4 20.Re1 Rhf8 21.Rxg7 Rxf7
22.Rxf7 Bd7 23.h3 e5 24.Rxh7 Qc3 25.Re3 Qc1+ 26.Kh2 Kc7 27.b5  1-0

[Event "ch-Serbia"]
[Site "Kragujevac YUG"]
[Date "2000.02.26"]
[Round "8"]
[White "Zakic,S"]
[Black "Pavlovic,De"]
[Result "1/2-1/2"]
[WhiteElo "2359"]
[BlackElo "2301"]

1.e4 c5 2.Nf3 Nc6 3.Nc3 e5 4.Bc4 Be7 5.d3 d6 6.Nd2 Nf6 7.Nf1 O-O 8.Ne3 a6
9.a3 b5 10.Ba2 Be6 11.Ncd5 Rb8 12.O-O Qd7 13.Nxf6+ Bxf6 14.Nd5 Bxd5 15.Bxd5 Ne7
16.Bb3 d5  1/2-1/2

[Event "ch-Serbia"]
[Site "Kragujevac YUG"]
[Date "2000.02.26"]
[Round "8"]
[White "Vratonjic,S"]
[Black "Milanovic,D"]
[Result "0-1"]
[WhiteElo "2441"]
[BlackElo "2378"]

1.e4 c5 2.Nf3 Nc6 3.Nc3 e5 4.Bc4 d6 5.d3 Be7 6.Nd2 Bg5 7.Nf1 Bxc1 8.Qxc1 Nge7
9.Ng3 O-O 10.a3 Be6 11.O-O Nd4 12.Qd1 Qd7 13.Nce2 d5 14.exd5 Bxd5 15.c3 Ne6
16.Qb3 Rad8 17.Rad1 Qc6 18.f3 Rd7 19.Rd2 Rfd8 20.Rfd1 f5 21.Qb5 Bxc4 22.Qxc4 b5
23.Qa2 c4 24.Qb1 Nc5 25.d4 Nb3 26.Nxf5 Nxf5 27.Qxf5 Nxd2 28.Rxd2 exd4 29.Nxd4 Qd5
30.Qg4 Re8 31.h4 Rf7 32.f4 Qe4 33.Rf2 a6 34.Kh2 Qe1 35.Rf3 Qe4 36.Rf2 Qg6
37.Qxg6 hxg6 38.Kg3 Re3+ 39.Kg4 Rfe7 40.Rd2 Rd3 41.Rf2 Ree3 42.Nf3 Rd1 43.Ne5 Kh7
44.Nf3 Rdd3 45.Ng5+ Kg8 46.Nf3 Kf8 47.Kg5 Rd5+ 48.Kg4 Kf7 49.Ne5+ Kf6 50.Nf3 Rdd3
51.Rc2 Ke7 52.Kg5 Re6 53.Kg4 Ree3 54.Kg5 Rd6 55.Kg4 Kd7 56.h5 gxh5+ 57.Kxh5  0-1

[Event "NED-chT"]
[Site "Hengelo NED"]
[Date "2000.02.27"]
[Round "4"]
[White "Thesing,M"]
[Black "Jens,J"]
[Result "1-0"]
[WhiteElo "2444"]
[BlackElo "2293"]

1.e4 c5 2.Nc3 Nc6 3.Bb5 Nd4 4.Nf3 Nxb5 5.Nxb5 d6 6.d4 Bd7 7.Nc3 cxd4 8.Qxd4 Nf6
9.Bg5 e6 10.O-O-O Be7 11.Qd3 Bc6 12.Nd4 O-O 13.f4 Qa5 14.f5 Rfe8 15.h4 h6
16.Kb1 Nxe4 17.Nxe4 Bxe4 18.Qxe4 hxg5 19.fxe6 Qe5 20.exf7+ Kxf7 21.Qf3+ Bf6
22.hxg5 Qxg5 23.Nf5 Rad8 24.Nxd6+ Rxd6 25.Rxd6 Qe5 26.Qd5+ Qxd5 27.Rxd5 Re7
28.Rdd1 Kg6 29.Rhe1 Rc7 30.Re4 Kf5 31.Re2 Kg4 32.c3  1-0

[Event "Caissa Open"]
[Site "Kharkov UKR"]
[Date "2000.02.29"]
[Round "5"]
[White "Gasanov,E"]
[Black "Biriukov,N"]
[Result "1/2-1/2"]
[WhiteElo "2400"]
[BlackElo "2255"]

1.e4 c5 2.Nf3 Nc6 3.Nc3 e5 4.Bc4 d6 5.d3 h6 6.Nd2 Nf6 7.Nf1 Bg4 8.f3 Be6
9.Ne3 Nh5 10.O-O Be7 11.g3 Nf6 12.Ncd5 Nb4 13.Nxb4 cxb4 14.Bb5+ Bd7 15.Bxd7+ Qxd7
16.Nf5 O-O 17.f4 Bd8 18.fxe5 dxe5 19.b3 Re8 20.Bd2 a5 21.a3 bxa3 22.Rxa3 Re6
23.Kh1 Rc6 24.Ra2 Rca6 25.g4 Nh7 26.Ne3 a4 27.bxa4 Rxa4 28.Rxa4 Rxa4 29.Nd5 Nf8
30.Qf3 Ra2 31.Bb4 Ng6 32.Be7 f6 33.Nxf6+ gxf6 34.Qxf6 Ra6 35.Qf7+ Kh8 36.Bf6+ Rxf6
37.Rxf6 Qxf7 38.Rxf7 Be7 39.Rf1 b5 40.c3 b4 41.cxb4 Bxb4 42.Rd1 Bc5 43.Kg2  1/2-1/2

[Event "Israeli League"]
[Site "Ramat Aviv ISR"]
[Date "2000.03.03"]
[Round "4"]
[White "Bitansky,I"]
[Black "Lipes,Y"]
[Result "1-0"]
[WhiteElo "2322"]
[BlackElo "2204"]

1.e4 c5 2.Nf3 Nc6 3.Nc3 Nf6 4.d4 cxd4 5.Nxd4 d6 6.Bc4 e6 7.Be3 Be7 8.O-O O-O
9.Bb3 Bd7 10.f4 Nxd4 11.Bxd4 Bc6 12.Qe2 b5 13.Nxb5 e5 14.fxe5 dxe5 15.Be3 Qa5
16.Nc3 Nxe4 17.Rxf7 Rxf7 18.Bxf7+ Kh8 19.Qc4 Bg5 20.Qxc6 Bxe3+ 21.Kf1 Rf8
22.Nxe4 Qb6 23.Qxb6 Rxf7+ 24.Ke2 Bxb6 25.Rf1 Kg8 26.Rxf7 Kxf7 27.g4 h6 28.Kd3 Ke6
29.Kc4 g6 30.c3 h5 31.h3 hxg4 32.hxg4 Be3 33.b4 Bg1 34.a4 Be3 35.Kd3 Bg1
36.c4 Bd4 37.c5 Kd5 38.Nc3+  1-0

[Event "II Vince Toth Mem"]
[Site "Rio de Janeiro BRA"]
[Date "2000.03.03"]
[Round "9"]
[White "Mitkov,N"]
[Black "Vescovi,G"]
[Result "1/2-1/2"]
[WhiteElo "2547"]
[BlackElo "2511"]

1.e4 c5 2.Nc3 Nc6 3.Nge2 g6 4.d4 cxd4 5.Nxd4 Bg7 6.Be3 d6 7.Bc4 Nf6 8.h3 O-O
9.Nb3 Bd7 10.O-O Rc8  1/2-1/2

[Event "Oz.com qualifier blitz"]
[Site "Internet ICC"]
[Date "2000.03.05"]
[Round "1"]
[White "Macieja,B"]
[Black "Busquets,L"]
[Result "1-0"]
[WhiteElo "2538"]
[BlackElo "2252"]

1.e4 c5 2.Nc3 Nc6 3.Nf3 g6 4.d4 cxd4 5.Nxd4 d6 6.Be3 Bg7 7.f3 Nf6 8.Qd2 O-O
9.Bc4 Bd7 10.Bb3 Rc8 11.O-O-O Ne5 12.Kb1 Nc4 13.Bxc4 Rxc4 14.g4 Qc7 15.g5 Nh5
16.Nd5 Qd8 17.Ne2 Be6 18.Bxa7 Bxd5 19.Qxd5 Qc7 20.c3 b6 21.Bxb6  1-0

[Event "Oz.com qualifier blitz"]
[Site "Internet ICC"]
[Date "2000.03.05"]
[Round "1"]
[White "Movsesian,S"]
[Black "Jonasson,B"]
[Result "1-0"]
[WhiteElo "2668"]
[BlackElo "2285"]

1.e4 c5 2.Nf3 Nc6 3.Nc3 g6 4.d4 cxd4 5.Nxd4 Bg7 6.Be3 Nf6 7.Bc4 d6 8.f3 O-O
9.Qd2 Bd7 10.O-O-O a6 11.Bb3 Nxd4 12.Bxd4 b5 13.Kb1 a5 14.Nd5 Nxd5 15.Bxg7 Kxg7
16.Bxd5 Rc8 17.a3 Qc7 18.h4 b4 19.axb4 axb4 20.h5 Rh8 21.Bb3 Qc5 22.Rh4 h6
23.Rf4 Rhf8 24.hxg6 fxg6 25.Rxf8 Rxf8 26.Qd4+ Qxd4 27.Rxd4 Rb8 28.e5 Rb6
29.Kc1 g5 30.Kd2 Bf5 31.exd6 exd6 32.Bd5 Kf6 33.Be4 Be6 34.b3 Ke5 35.Ke3 h5
36.Bd3 d5 37.g3 Rb8 38.Bg6 Rc8 39.Rxb4 Rc3+ 40.Bd3 Rc8 41.f4+ gxf4+ 42.gxf4+ Kd6
43.f5 Bd7 44.Kf4 Rg8 45.Rb6+ Bc6 46.Bb5 Kc5 47.Rxc6+ Kxb5 48.Rg6 Rc8 49.Rg2 Kc5
50.f6 Kd6 51.Kf5 h4 52.Rd2 Rc3 53.Kg6 h3 54.Rf2 Rg3+ 55.Kh7 Rg2 56.Rf1  1-0

[Event "Oz.com qualifier blitz"]
[Site "Internet ICC"]
[Date "2000.03.05"]
[Round "3"]
[White "Macieja,B"]
[Black "Jonasson,B"]
[Result "1-0"]
[WhiteElo "2538"]
[BlackElo "2285"]

1.e4 c5 2.Nc3 Nc6 3.Nf3 g6 4.d4 cxd4 5.Nxd4 Bg7 6.Be3 Nf6 7.Bc4 O-O 8.Bb3 d6
9.f3 Bd7 10.Qd2 Nxd4 11.Bxd4 b5 12.h4 a5 13.a4 bxa4 14.Nxa4 e5 15.Bb6 Qb8
16.Be3 Be6 17.Ra3 Rd8 18.Nc3 Nh5 19.O-O Qc7 20.Nd5 Bxd5 21.Bxd5 Rab8 22.b3 Rdc8
23.Rxa5 Qxc2 24.Ra7 Qxd2 25.Bxf7+ Kf8 26.Bxd2 Rc2 27.Rf2 Nf4 28.Bc4 d5 29.exd5 e4
30.Rxg7 Rxd2 31.Rxd2 e3 32.Rd4  1-0

[Event "Oz.com qualifier blitz"]
[Site "Internet ICC"]
[Date "2000.03.05"]
[Round "3"]
[White "Guadalpi,D"]
[Black "Gueci,R"]
[Result "1-0"]
[WhiteElo "2287"]
[BlackElo "2169"]

1.e4 c5 2.Nf3 Nc6 3.Nc3 Nf6 4.d4 cxd4 5.Nxd4 e5 6.Ndb5 d6 7.Bg5 a6 8.Na3 b5
9.Bxf6 gxf6 10.Nd5 Bg7 11.c3 Ne7 12.Nxe7 Qxe7 13.Nc2 O-O 14.Ne3 f5 15.exf5 Bb7
16.Qh5 d5 17.Ng4 d4 18.Be2 dxc3 19.bxc3 e4 20.O-O Bxc3 21.Rac1 Bd2 22.Rc2 Qg5
23.Rxd2 Qxd2 24.Rd1 Qf4 25.g3 Qc7 26.Nf6+ Kg7 27.Qg5+ Kh8 28.Qh6  1-0

[Event "Oz.com qualifier blitz"]
[Site "Internet ICC"]
[Date "2000.03.05"]
[Round "5"]
[White "Guadalpi,D"]
[Black "Mooi,O"]
[Result "0-1"]
[WhiteElo "2287"]
[BlackElo "2132"]

1.e4 c5 2.Nf3 Nc6 3.Nc3 d6 4.d4 cxd4 5.Nxd4 Nf6 6.Bc4 e6 7.Be3 Be7 8.Qe2 Bd7
9.O-O-O Qa5 10.Bb3 a6 11.g4 h6 12.h4 Nxd4 13.g5 Nxe2+ 14.Nxe2 hxg5 15.hxg5 Rxh1
16.Rxh1 Nxe4 17.f4 O-O-O 18.c3 Bc6 19.Rh7 Bf8 20.Nd4 Bd5 21.Bc2 Qxa2 22.Bb1 Qc4
23.Bc2 Nxc3 24.bxc3 Qxc3 25.Rh3 Qe1+ 26.Kb2 Kb8 27.f5 Rc8 28.fxe6 fxe6 29.Bf4 e5
30.Bg3 exd4 31.Bxe1 Be7 32.Bd2 Ka7 33.Rh7 Rxc2+ 34.Kxc2 Be4+ 35.Kb3 Bxh7
36.Kc4 d3 37.Kd4 Kb6 38.Kc3 Kc6 39.Kd4 d5 40.Ke5 Bd6+ 41.Ke6 b6 42.g6 Bxg6
43.Ba5 Be4 44.Bd2 a5 45.Kf7 g5 46.Kf6 g4 47.Be3 g3 48.Kg5 g2 49.Kh4 d2 50.Bf4 g1=Q
51.Bg5 Bf5 52.Bf4 Qg4+  0-1

[Event "Oz.com qualifier blitz"]
[Site "Internet ICC"]
[Date "2000.03.05"]
[Round "5"]
[White "Movsesian,S"]
[Black "Soppe,G"]
[Result "0-1"]
[WhiteElo "2668"]
[BlackElo "2466"]

1.e4 c5 2.Nf3 Nc6 3.Nc3 g6 4.d4 cxd4 5.Nxd4 Bg7 6.Be3 Nf6 7.Bc4 Qa5 8.O-O O-O
9.Bb3 d6 10.h3 Bd7 11.Re1 Rfe8 12.Qd2 Nxe4 13.Nxc6 Qxc3 14.bxc3 Nxd2 15.Nxe7+ Rxe7
16.Bxd2 Rae8 17.Rxe7 Rxe7 18.Re1 Rxe1+ 19.Bxe1 Kf8 20.Bd5 b6 21.Kf1 Ba4 22.Be4 f5
23.Bd3 Bc6 24.f3 Ke7 25.Ke2 Bd5 26.a3 Ke6 27.Ba6 Bc6 28.Kd3 Bf8 29.c4 Bg7
30.Bb4 Be5 31.Bc8+ Kf6 32.Bd2 Bb2 33.Bb4 Ke7 34.Ba6 Bc1 35.Ke2 Ke6 36.Kd1 Be3
37.Bc8+ Ke5 38.Ke2 Bc5 39.Bc3+ Kf4 40.Bb4 Bxb4 41.axb4 a5 42.bxa5 bxa5 43.Kf2 a4
44.g3+ Ke5  0-1

[Event "Oz.com qualifier blitz"]
[Site "Internet ICC"]
[Date "2000.03.05"]
[Round "8"]
[White "Battsetseg,T"]
[Black "Castaneda,N"]
[Result "1-0"]
[WhiteElo "2218"]
[BlackElo "2351"]

1.e4 c5 2.Nc3 Nc6 3.Nf3 g6 4.d4 cxd4 5.Nxd4 Bg7 6.Be3 Nf6 7.Bc4 O-O 8.Bb3 Qa5
9.O-O d6 10.h3 Bd7 11.Re1 Rac8 12.Qd2 Rfe8 13.Rad1 Ne5 14.Bg5 Qa6 15.f4 Nc4
16.Bxc4 Rxc4 17.e5 dxe5 18.fxe5 Nh5 19.Qf2 f5 20.Qf3 Bh8 21.Qd5+ Be6 22.Nxe6  1-0

[Event "Oz.com qualifier blitz"]
[Site "Internet ICC"]
[Date "2000.03.05"]
[Round "9"]
[White "Hernandez,Gi"]
[Black "Soppe,G"]
[Result "1-0"]
[WhiteElo "2560"]
[BlackElo "2466"]

1.e4 c5 2.Nc3 Nc6 3.Nf3 g6 4.d4 cxd4 5.Nxd4 Bg7 6.Be3 Nf6 7.Bc4 Qa5 8.O-O O-O
9.Bb3 d6 10.h3 Bd7 11.Re1 Rfe8 12.Qe2 Qh5 13.Qd2 Na5 14.Rad1 Rac8 15.Nde2 Nc4
16.Bxc4 Rxc4 17.Qd3 Rec8 18.Bxa7 Qa5 19.Bd4 b5 20.a3 b4 21.axb4 Qxb4 22.b3 R4c6
23.Bxf6 Bxf6 24.Nd5 Qa3 25.Nxf6+ exf6 26.c4 Rb6 27.Nd4 Qc5 28.Re3 Rcb8 29.Qd2 f5
30.exf5 Bxf5 31.Rde1 Bd7 32.Re7 R6b7 33.Qf4 Bf5 34.g4  1-0

[Event "FSIMB March"]
[Site "Budapest HUN"]
[Date "2000.03.07"]
[Round "2"]
[White "Parkanyi,A"]
[Black "Gara,A"]
[Result "1-0"]
[WhiteElo "2362"]
[BlackElo "2257"]

1.e4 c5 2.Nc3 Nc6 3.Nf3 d6 4.Bc4 Nf6 5.d3 a6 6.a4 Bg4 7.h3 Bxf3 8.Qxf3 Ne5
9.Qe2 Nxc4 10.dxc4 Nd7 11.O-O e6 12.Bf4 Qc7 13.Rad1 Be7 14.Bg3 Ne5 15.f4 Nc6
16.Qg4 Bf6 17.e5 dxe5 18.Ne4 Nd4 19.Nxf6+ gxf6 20.fxe5 h5 21.Qg7 O-O-O 22.Qxf6 Rhg8
23.Bh4 Qc6 24.Qf2 Rd7 25.Kh1 Kb8 26.Rg1 Qxa4 27.Bf6 Rc7 28.b3 Qc6 29.Rd3 Nf5
30.Rgd1 Rcc8 31.Kh2 Rg6 32.Rd8 Rxd8 33.Rxd8+ Ka7 34.Rd3 Qc7 35.Kg1 Rg8 36.b4 Rc8
37.b5 a5 38.Qd2 Rg8 39.Ra3 Nd4 40.Rxa5+ Kb8 41.Ra3 b6 42.Rd3 Qb7 43.Kh2 Qe4
44.c3 Ne2 45.Rd8+ Rxd8 46.Qxd8+ Kb7 47.Qd7+ Kb8 48.Qe8+ Kb7 49.Qxf7+ Kb8
50.Qe8+ Kb7 51.Qd7+ Kb8 52.Qd6+ Kb7 53.Bg5 Qxc4 54.Qc6+ Ka7 55.Qc7+ Ka8 56.Qc8+ Ka7
57.Qa6+ Kb8 58.Qxb6+ Ka8 59.Qc6+ Kb8 60.b6 Qa6 61.Be7  1-0

[Event "33rd 8th March Women's It"]
[Site "Belgrade YUG"]
[Date "2000.03.10"]
[Round "7"]
[White "Skripchenko,A"]
[Black "Manakova,M"]
[Result "0-1"]
[WhiteElo "2444"]
[BlackElo "2348"]

1.e4 c5 2.Nf3 Nc6 3.Nc3 e5 4.Bc4 d6 5.d3 Be7 6.Nd2 Bg5 7.h4 Bh6 8.Qh5 g6
9.Qd1 Nd4 10.Nb3 Ne6 11.Bxh6 Nxh6 12.Nd5 Bd7 13.Nd2 Bc6 14.a4 Nc7 15.Nxc7+ Qxc7
16.Nb1 Qe7 17.Nc3 Ng8 18.Nd5 Bxd5 19.Bxd5 Nf6 20.Bb3 O-O 21.g4 h5 22.g5 Ne8
23.Qd2 Nc7 24.f4 exf4 25.Qxf4 Ne6 26.Qf2 Kg7 27.O-O-O f6 28.gxf6+ Rxf6 29.Qg2 Raf8
30.Rhg1 Nd4 31.Bd5 Qe8 32.c3 Rf2 33.cxd4 Rxg2 34.Rxg2 cxd4 35.Rdg1 Rf6 36.Kb1 Qxa4
37.e5 dxe5 38.Bxb7 Qb3 39.Be4 Qf7 40.Kc2 Rf2+ 41.Kb1 Rf6 42.Rc1 a5 43.Rgc2 Rf1
44.Rc6 Rxc1+ 45.Kxc1 Qf4+ 46.Kc2 Qxh4 47.Rxg6+ Kf7 48.Ra6 Qd8 49.Rh6 Qh4
50.Kb3 Qe1 51.Ka2 h4 52.Kb3 Ke7 53.Ka2 Qg3 54.Ra6 Qe1 55.Rh6 a4 56.Ra6 Qd1
57.Rh6 Qb3+ 58.Ka1 a3 59.Rh7+ Kf6 60.bxa3 Kg5 61.a4 Qxa4+ 62.Kb2 Qd1 63.Ka3 Qb1
64.Ka4 Kg4 65.Rg7+ Kf4 66.Rh7 Kg3 67.Rg7+ Kf2 68.Rh7 Qd1+ 69.Kb5 Qg4 70.Kc5 h3
71.Kd6 Qg3 72.Rf7+ Kg1 73.Ra7 h2 74.Ra1+ Kf2 75.Kc5 Qg1 76.Ra2+ Ke3  0-1

[Event "Israeli League"]
[Site "Ramat Aviv ISR"]
[Date "2000.03.10"]
[Round "5"]
[White "Bitansky,I"]
[Black "Zisman,P"]
[Result "1-0"]
[WhiteElo "2322"]
[BlackElo "2255"]

1.e4 c5 2.Nf3 Nc6 3.Nc3 Nf6 4.d4 cxd4 5.Nxd4 e5 6.Ndb5 d6 7.Bg5 a6 8.Na3 b5
9.Bxf6 gxf6 10.Nd5 f5 11.c3 Bg7 12.exf5 Bxf5 13.Nc2 O-O 14.Nce3 Be6 15.Bd3 f5
16.Qh5 e4 17.Bc2 Ne7 18.Rd1 Nxd5 19.Nxd5 Ra7 20.O-O Be5 21.f3 exf3 22.Rxf3 f4
23.Bxh7+ Rxh7 24.Qg6+ Kh8 25.Qxe6 Qg5 26.Rdf1 Rg8 27.R1f2 Qh5 28.Ne7 Qxh2+
29.Kf1 Qh1+ 30.Ke2 Rg5 31.Qc8+ Kg7 32.Qg8+ Kh6 33.Qf8+ Bg7 34.Ng8+  1-0

[Event "33rd 8th March Women's It"]
[Site "Belgrade YUG"]
[Date "2000.03.11"]
[Round "8"]
[White "Velcheva,M"]
[Black "Kovalevskaya,E"]
[Result "0-1"]
[WhiteElo "2364"]
[BlackElo "2451"]

1.e4 c5 2.Nc3 Nc6 3.Bb5 g6 4.Bxc6 bxc6 5.d3 Bg7 6.f4 d6 7.Nf3 Nh6 8.O-O O-O
9.Qe2 Rb8 10.Re1 Qb6 11.Kh1 f5 12.e5 Nf7 13.b3 Nd8 14.Bb2 Ne6 15.g3 Qc7 16.Na4 Nd4
17.Qf2 Bb7 18.c4 Rbd8 19.h4 Bc8 20.Kh2 Ne6 21.Rad1 h6 22.Qe3 Qd7 23.Kg2 g5
24.hxg5 hxg5 25.Kf2 g4 26.Nh4 Nd4 27.Bxd4 cxd4 28.Qxd4 Bb7 29.c5 dxe5 30.Qxd7 Rxd7
31.fxe5 Rfd8 32.Ke3 e6 33.Ng6 Ba6 34.Nb2 Kf7 35.Nf4 Bxe5 36.Nc4 Bxc4 37.bxc4 Bd4+
38.Ke2 Rb7 39.Rd2 Rh8 40.Red1 Kf6 41.Ng2 e5 42.Rc2 Rh2 43.Kf1 Rh3 44.Re1 Rxg3  0-1

[Event "US Masters"]
[Site "Oak Bridge, IL USA"]
[Date "2000.03.12"]
[Round "7"]
[White "Cela,A"]
[Black "Karklins,A"]
[Result "1-0"]
[WhiteElo "2527"]
[BlackElo "2317"]

1.e4 c5 2.Nf3 Nc6 3.Nc3 Nf6 4.e5 Ng4 5.Qe2 d6 6.exd6 Qxd6 7.d3 Nge5 8.Nxe5 Nxe5
9.Nb5 Qb8 10.Bf4 Nxd3+ 11.Qxd3 Qxf4 12.Rd1 f6 13.Be2 Be6 14.g3 Qe5 15.c4 Bf5
16.f4 Qe4 17.Qf3 Kf7 18.g4 Qxf3 19.Bxf3 Bc8 20.f5 e6 21.Bxb7 Bxb7 22.Rd7+ Be7
23.Nd6+ Kf8 24.Nxb7 exf5 25.gxf5 Rc8 26.Kf2 Ke8 27.Rhd1 Rf8 28.Na5 Bd8 29.Nc6 Rxc6
30.Rxd8+ Kf7 31.R8d7+ Kg8 32.Rxa7 Re8 33.Rdd7 Kh8 34.Rxg7 Re5 35.Rxh7+ Kg8
36.Rhc7 Rxf5+ 37.Kg3 Rxc7 38.Rxc7 Re5 39.a4 Re2 40.a5 Rxb2 41.a6  1-0

[Event "Sufe Cup"]
[Site "Shanghai CHN"]
[Date "2000.03.15"]
[Round "13"]
[White "Ye Jiangchuan"]
[Black "Krasenkow,M"]
[Result "1/2-1/2"]
[WhiteElo "2616"]
[BlackElo "2661"]

1.e4 c5 2.Nf3 Nc6 3.Nc3 e5 4.Bc4 Be7 5.d3 d6 6.Nd2 Bg5 7.Nf1 Bxc1 8.Rxc1 Nge7
9.Ne3 O-O 10.O-O Kh8 11.Qd2 f5 12.exf5 Bxf5 13.f4 Bg6 14.Ned5 Nxd5 15.Bxd5 exf4
16.Rxf4 Rxf4 17.Qxf4 Qe7  1/2-1/2

[Event "Dos Hermanas Qualifier"]
[Site "Internet ICC"]
[Date "2000.03.18"]
[Round "1.2"]
[White "Narciso Dublan,M"]
[Black "Shahade,G"]
[Result "0-1"]
[WhiteElo "2468"]
[BlackElo "2461"]

1.e4 c5 2.Nc3 Nc6 3.Nge2 g6 4.d4 cxd4 5.Nxd4 Bg7 6.Nde2 d6 7.g3 Nf6 8.Bg2 O-O
9.O-O Rb8 10.a4 a6 11.Nd5 b5 12.axb5 axb5 13.Bg5 Nd7 14.Qc1 Re8 15.Rd1 Bb7
16.c3 Nb6 17.h4 Nd7 18.h5 Nc5 19.hxg6 hxg6 20.Qc2 Qc8 21.Nd4 Nxd4 22.cxd4 Bxd5
23.exd5 Na4 24.Qd2 Qf5 25.Bf4 Nb6 26.Re1 Nxd5 27.Be4 Qh5 28.Bg5 Bf6 29.Bxf6 exf6
30.Kg2 Nc7 31.Bc6 Rxe1 32.Rxe1 Ne6 33.f4 b4 34.Bf3 Qb5 35.Rh1 f5 36.d5 Ng7
37.Rc1 Re8 38.Rc6 Qb8 39.Rc4 Qa7 40.Rxb4 Re7 41.Rc4 Ne8 42.Rc8 Kg7 43.b4 Nf6
44.Qb2 Re1 45.b5 Qg1+ 46.Kh3 Re3 47.Bg2 Qe1 48.Kh2 Qxg3+ 49.Kh1 Re1+  0-1

[Event "NED-chT"]
[Site "Leeuwarden NED"]
[Date "2000.03.18"]
[Round "5"]
[White "Van Beek,A"]
[Black "Hausrath,D"]
[Result "0-1"]
[WhiteElo "2275"]
[BlackElo "2446"]

1.e4 c5 2.Nc3 Nc6 3.Nge2 g6 4.d4 cxd4 5.Nxd4 Bg7 6.Nde2 Nf6 7.g3 O-O 8.Bg2 d6
9.O-O Rb8 10.a4 a6 11.h3 b5 12.axb5 axb5 13.Bg5 Nd7 14.Rb1 b4 15.Nd5 Re8
16.Qd2 Nde5 17.Kh2 Nc4 18.Qc1 Ba6 19.Re1 b3 20.Nec3 bxc2 21.Qxc2 h6 22.Bc1 e6
23.Ne3 N4e5 24.Ra1 Nd3 25.Rd1 Nc5 26.Na4 Nb4 27.Qxc5 dxc5 28.Rxd8 Rexd8 29.Nxc5 Bb5
30.Ra7 Bd4 31.Rc7 Na2 32.Nb3 Bb6 33.Rc2 Ba4  0-1